000 01538cam a2200313 a 4500
001 16485125
003 SISC
005 20170131083610.0
008 100930s2011 njua b 001 0 eng
010 _a 2010041445
020 _a9780137064434 (hardback : alk. paper)
020 _a9780137064438 (hardback : alk. paper)
035 _a(OCoLC)ocn666246501
040 _aDLC
_cDLC
_dYDX
_dBTCTA
_dYDXCP
_dCDX
_dBWX
_dVP@
_dDLC
042 _apcc
050 0 0 _aHF 5415
_b.B4238 2011
082 0 0 _a658.8
100 1 _aBegole, James.
_d1963-
245 1 0 _aUbiquitous computing for business :
_bfind new markets, create better businesses, and reach customers around the world 24-7-365 /
_cBo Begole.
260 _aUpper Saddle River, N.J. :
_bFT Press,
_c2011.
300 _a254 pages :
_billustrations ;
_c24 cm.
504 _aIncludes bibliographical references and index.
505 0 _aIntroduction : reading the waves -- Background and capabilities of ubiquitous computing -- Profound technologies -- Harmless if used as directed -- Still stupid after all these years -- Missing ingredients -- Business opportunities -- Making choices -- The soft sell: personalized marketing -- Breaking out of the supply chain gang -- Discontinuous connections -- Coordination -- Clear sailing -- Ubiquitous business.
650 0 _aMarketing.
650 0 _aGlobalization.
906 _a7
_bcbc
_corignew
_d1
_eecip
_f20
_gy-gencatlg
942 _2lcc
_cBK
_kFOR
999 _c275399
_d275399